Biggest Country That... - Statistics

General Stats
  • This quiz has been taken 28 times
  • The average score is 9 of 15
Answer Stats
Biggest Country that... Answer % Correct
Has Spanish as its official language? Argentina
88%
Is in Africa? Algeria
85%
Is entirely located on islands? Indonesia
85%
A pope was born in? United States
85%
Starts with an A by area? Australia
81%
Is entirely located in Europe? Ukraine
77%
Lies on the Equator? Brazil
73%
Has a Muslim majority population? Kazakhstan
65%
Is located in the Lesser Antilles? Trinidad and Tobago
42%
Has land in all four hemispheres? Kiribati
38%
Has a capital city that starts with H? Zimbabwe
38%
Has a population under 100 thousand people? Dominica
35%
Has never had a person win a Nobel Peace Prize? South Sudan
35%
Has no city above one million population? Suriname
23%
Has never won an Olympic Medal? The Democratic Republic of the Congo
0%
No matching quizzes found
Score Distribution
Percent of People with Each Score
Percentile by Number Answered
Your Score History
You have not taken this quiz